000 01033nam a2200313Ia 4500
001 dia_6265
003 CHAP
005 20251023162230.0
008 220117s2009 xx 000 0 und d
010 _a177728
020 _a978-3-642-02013-1
040 _cCHAP
082 _aC 530.8 D53 2009
245 _aDictionary of weighing terms : a guide to the terminology of weighing /
_c Roland Nater...[et al.]
260 _aEstados Unidos de América :
_b Springer,
_c2009
300 _a268 p.
503 _aD.
504 _aBibliografía: p. 263-267
590 _aC QC82 D53 2009
650 _aPeso (Física)
_xMedición
_xDiccionarios
_9162022
650 _aPesos y medidas
_xDiccionarios
_9162023
650 _aWeight (Physics)
_xMeasurement
_xDictionaries
_9162024
650 _aWeights and measures
_xDictionaries
_9162025
700 _aNater, Roland, coaut.
_9162026
901 _aC 530.8 D53 2009
902 _aA
905 _a5232272009 -usadmn8272223322eng16
942 _cLIBRO
_2ddc
999 _c177728
_d177728